| 000 | 01737nam a22002777a 4500 | ||
|---|---|---|---|
| 003 | OSt | ||
| 005 | 20230307135010.0 | ||
| 008 | 170804b xxu||||| |||| 00| 0 esp d | ||
| 040 |
_cDO-SdBJH _aDO-SdBJH _bspa |
||
| 090 |
_aTG AAFFM _b01005 2015 |
||
| 100 | 1 |
_aSánchez Rodríguez, Kelvin Alfredo _esustentante |
|
| 245 | 1 | 0 |
_aPropuesta de modernización de la Fuerza Aérea de República Dominicana (2006-2020): Análisis diagnóstico de la Academia Aérea "GBPFAFM" / _c Kelvin Alfredo Sánchez Rodríguez, Harold José Delgado Rodríguez, asesores Carlos Alberto Lagrange Madera, Tebi Enrique Rodríguez Hernández |
| 260 |
_aSanto Domingo Este : _bINSUDE, _c2015 |
||
| 300 | _axiii, 46 páginas, cuadros, gráficos | ||
| 502 | _aTrabajo de grado (Licenciatura en Ciencias Aeronáuticas) -- Instituto Superior para la Defensa (INSUDE). -- Academia Aérea Gral. De Brigada Piloto Frank Andrés Feliz Miranda, 2015. | ||
| 504 | _aIncluye referencias bibliográficas e índices | ||
| 505 | _aPensum Académico de la Academia Aérea "GBPFAFM". -- Infraestructuras físicas de la Academia Aérea. -- Partidas presupuestarias | ||
| 650 | 4 | _aAnálisis de la academia aérea -- Reforzar el pensum académico | |
| 650 | 4 | _aPresupuesto -- aumento de salarios a los cadetes (propuesta) | |
| 651 | 4 | _aRepública Dominicana. Fuerza Aérea -- Diagnostico academia aérea | |
| 700 | 1 |
_aDelgado Rodríguez, Harold José _esustentante |
|
| 700 | 1 |
_aLagrange Madera, Carlos Alberto _easesor |
|
| 700 | 1 |
_aRodríguez Hernández, Tebi Enrique _easesor |
|
| 830 | _aINSUDE. Academia Aérea Gral. De Brig. Pil. Frank Andrés Feliz Miranda. Tesis y disertaciones académicas | ||
| 942 |
_2CL _cT |
||
| 999 |
_c1473 _d1473 |
||